000 00226 a2200097 4500
001 13838
100 _aWilson J D
245 _aWhat Heppens In Hal
260 _aCambridge
_bCambridge University Press
_c
090 _c10816
_d10816
942 _aNUST-CAE
_cM
_c910
999 _c248911
_d248911